|
|
|
|
| LEADER |
00746nam a2200181 a 4500 |
| 008 |
090712s2000 ii 000 0 eng d |
| 020 |
|
|
|a 0896094006 (set)
|
| 020 |
|
|
|a 8187075546
|
| 082 |
0 |
0 |
|a 808.83/1
|2 20
|
| 245 |
0 |
4 |
|a The World's best short stories /
|c prepared by the Editorial Board.
|
| 260 |
|
|
|a New Delhi :
|b Srishti Publishers & Distributors,
|c 2000
|
| 300 |
|
|
|a 364 p. ;
|c 20 cm.
|
| 541 |
1 |
|
|e 00010059
|
| 650 |
|
0 |
|a Short stories.
|
| 710 |
2 |
|
|a Editorial Board.
|
| 852 |
4 |
|
|a Ayesha Abed Library
|j General shelf
|
| 999 |
|
|
|c 2273
|d 2273
|
| 952 |
|
|
|0 0
|1 0
|2 ddc
|4 0
|6 808_831000000000000_WOR_2000
|7 0
|9 2097
|a BRACUL
|b BRACUL
|c GEN
|d 2009-07-12
|g 0.00
|l 8
|m 36
|o 808.831 WOR
|p 3010010059
|r 2019-09-25
|s 2019-09-19
|t 1
|w 2009-07-12
|y BK
|x No price found in the accession register.
|